Auto da Índia (Registo nº 1487)

Detalhes MARC
000 -Etiqueta do registo
Cabeçalho 00843nam0a2200253 4500
005 - Identificador da versão
Campo de controlo 20240813121837.0
100 ## - Dados gerais de processamento
Dados gerais de processamento 20150513d1978 a y0pory5003 ba
102 ## - Pais de publicação ou produção
País de publicação Portugal
101 0# - Língua de publicação
Língua do texto, banda sonora, etc. Português
215 ## - Descrição física 
Indicação específica da natureza do documento e extensão da espécie 68, [1] p.
200 1# - Titulo e menção de responsabilidade
Título próprio Auto da Índia
Primeira menção de responsabilidade Gil Vicente
Outras menções de responsabilidade introdução, comentário, síntese e glossário de Manuel dos Santos Alves
-- il. de Marta Martins
205 ## - Menção da edição
Menção da edição 2ª ed
210 ## - Publicação, Distribuição, etc. 
Lugar da edição, distribuição, etc. Lisboa
Nome do editor, distribuidor, etc. Liv. Popular de Francisco Franco
Data da publicação, distribuição, etc. 1978
300 ## - Notas gerais 
Texto da nota Plano Nacional de Leitura
Texto da nota Metas Curriculares
606 ## - Nome comum usado como assunto
Número de registo de entrada de autoridade 0002049
Palavra de ordem Literatura portuguesa
Subdivisão de assunto Teatro
Código do sistema CA
675 ## - Classificação Decimal Universal (CDU)
Notação 821.134.3-2
Edição 3ª ed.
Língua da edição por
702 #1 - Nome de autor-pessoa física (responsabilidade secundária)
Número de registo de entrada de autoridade 0002216
Palavra de ordem Alves
Outra parte do nome não tomada para palavra de ordem Manuel dos Santos
Código de função Editor literário / Coordenador
700 #1 - Nome de autor-pessoa física (responsabilidade principal)
Número de registo de entrada de autoridade 0002215
Palavra de ordem Vicente
Outra parte do nome não tomada para palavra de ordem Gil
Datas 1465?-1537?
966 ## - Identificação da Biblioteca
Sigla EB2,3ENM
942 ## - Elementos de entrada adicionados (Koha)
Tipo de item no Koha Livro
Exemplares
Situação do levantamento Origin of item (home branch) (coded) Biblioteca de empréstimo Código de barras Cota Circulation type (not for loan) Tipo de documento Nota do exemplar Damaged status
  Biblioteca Escolar Eng. Nuno Mergulhão Biblioteca Escolar Eng. Nuno Mergulhão BENM1169 82LP-2 VIC PNL MET   Livro Sem mensagem